000 00267nam a22001217a 4500
005 20170620145532.0
008 170620b xxu||||| |||| 00| 0 eng d
041 _aeng
245 _aMECHANICAL ENGINEERING
260 _bENGINEERS ACADEMY
300 _a435
942 _cBK
999 _c5467
_d5465